| 000 | 00606nam a22002057a 4500 | ||
|---|---|---|---|
| 999 |
_c533227 _d533227 |
||
| 003 | NUST | ||
| 005 | 20191216130014.0 | ||
| 008 | 191216b ||||| |||| 00| 0 eng d | ||
| 038 | _aMSOHAIL | ||
| 082 |
_a297 _bKAL |
||
| 100 |
_aHijjat ullaha _912641 |
||
| 245 |
_aKalam Allah : Ehd E Jadeed mein _cHijjat ullaha |
||
| 260 |
_aRawalpindi : _bRomail House of Publication, _c2016. |
||
| 300 | _a320; p. ; | ||
| 500 | _aHardcover. | ||
| 880 |
_6100-01\r _aحجتہ اللہ |
||
| 880 |
_6245-02\r _aکلام اللہ |
||
| 880 |
_6260-03\r _aراولپنڈی : _bقاضی سنز, _c2018. |
||
| 942 |
_2ddc _cBK |
||